Types of Kindles Quiz Stats

 Plays Quiz not verified by Sporcle

Challenge
Share
Tweet
Embed
Score 0/11 Timer 03:00
0 Plays Today
Release Date Kindle % Correct
November 19th, 2007Kindle
94.4%
August 27th, 2010Kindle Keyboard
77.8%
September 28th, 2011Kindle Fire
72.2%
February 23rd, 2009Kindle 2
55.6%
September 28th, 2011Kindle 4
55.6%
September 14th, 2012Kindle Fire HD
50%
October 1st, 2012Kindle Paperwhite
50%
September 28th, 2011Kindle Touch
44.4%
September 14th, 2012Kindle Fire 2nd Generation
16.7%
June 10th, 2009Kindle DX
11.1%
November 20th, 2012Kindle Fire HD 8.9''
0%

You're not logged in!

Compare scores with friends on all Sporcle quizzes.
OR
Log In

You Might Also Like...

Show Comments

Extras

Created Sep 17, 2012ReportNominate
Tags:amazon

Top Quizzes Today


Score Distribution

Your Account Isn't Verified!

In order to create a playlist on Sporcle, you need to verify the email address you used during registration. Go to your Sporcle Settings to finish the process.

Report this User

Report this user for behavior that violates our Community Guidelines.

Details: